Statistics for 10 Biggest Cities in Colombia

Click here to take the quiz!

General Stats

  • This quiz has been taken 74 times
    (69 since last reset)
  • The average score is 6 of 10

Answer Stats

PopulationCity% Correct
7 675 000Bogota
100%
2 000 000Medellin
93%
2 395 000Cali
88%
1 380 000Barranquilla
76%
950 000Cartagena
76%
570 000Bucaramanga
48%
720 000Cucuta
38%
430 000Santa Marta
36%
440 000Pereira
29%
420 000Ibague
24%

Score Distribution

Percentile by Number Answered

Percent of People with Each Score

Your Score History

You have not taken this quiz since the last reset